A concise course in algebraic topology /
Guardado en:
| Autor Principal: | |
|---|---|
| Formato: | Libro |
| Idioma: | English |
| Publicado: |
Chicago :
University of Chicago Press,
1999.
|
| Series: | Chicago lectures in mathematics
|
| Materias: | |
| Acceso en línea: | Publisher description Contributor biographical information |
| Etiquetas: |
Agregar Etiqueta
Sin Etiquetas, Sea el primero en etiquetar este registro!
|
| LEADER | 00962cam a2200253 a 4500 | ||
|---|---|---|---|
| 001 | MAT.inmabb004040 | ||
| 008 | 990413s1999####ilua#####b####001#0#eng## | ||
| 005 | 20130311134504.0 | ||
| 245 | 1 | 2 | |a A concise course in algebraic topology / |c J.P. May. |
| 260 | |a Chicago : |b University of Chicago Press, |c 1999. | ||
| 300 | |a ix, 243 p. : |b il. ; |c 24 cm. | ||
| 440 | 0 | |a Chicago lectures in mathematics | |
| 504 | |a Incluye referencias bibliográficas e índice. | ||
| 510 | 4 | |a MR, |c 2000h:55002 | |
| 020 | |a 0226511820 (cloth) | ||
| 020 | |a 0226511839 (pbk.) | ||
| 100 | 1 | |a May, J. Peter. | |
| 650 | 0 | |a Algebraic topology. | |
| 084 | |a 55-02 (18-02 57-02) |2 msc2000 | ||
| 010 | |a 99029613 | ||
| 040 | |a DLC |c DLC |d DLC | ||
| 856 | 4 | 2 | |3 Publisher description |u http://www.loc.gov/catdir/description/uchi051/99029613.html |
| 856 | 4 | 2 | |3 Contributor biographical information |u http://www.loc.gov/catdir/enhancements/fy0642/99029613-b.html |
| 859 | |h 55 |i M466c |p A-8337 |b BIB. MATEMATICA | ||
